| 000 | 00787nam a2200289Ia 4500 | ||
|---|---|---|---|
| 003 | OSt | ||
| 005 | 20220912150901.0 | ||
| 006 | a|||||r|||| 00| 0 | ||
| 007 | ta | ||
| 008 | 220909b |||||||| |||| 00| 0 eng d | ||
| 020 | _a0745613349 (pbk) | ||
| 024 | _a4464 | ||
| 037 | _bI B D, | ||
| 037 | _cTextual | ||
| 040 |
_aCSL _beng _cCSL |
||
| 041 | _aeng | ||
| 082 | _aY:(S:66), N5 | ||
| 100 | _aPahl Ray | ||
| 245 | 0 | _aAfter success: fin-de-siecle anxiety and identity | |
| 260 |
_aCambridge _bPolity Press _c1995 |
||
| 300 | _axi,219p | ||
| 500 | _aAppendix 196-201p; Bibliographical references 209-216p; Index 217-219p | ||
| 650 | _a Anxiety | ||
| 650 | _aSociology | ||
| 942 |
_hY:(S:66), N5 _cTEXL _2CC |
||
| 999 |
_c56832 _d56832 |
||